00768cam a22002414a 45000010009000000050017000090080041000260100017000670200015000840400018000990410008001170420008001250800014001330820018001471000007001651010008001722450108001805040051002889060045003399420012003849990017003969520113004131389246820180309081634.0050308s2006 caua b 001 0 eng  a 2005923766 a0534622089 aDLCcDLCdDLC aeng apcc a613.2 ROL00a613.2 ROL2231 a10 aNUT10aUnderstanding normal and clinical nutrition /cSharon Rady Rolfes, Kathryn Pinna, Eleanor Noss Whitney. aIncludes bibliographical references and index. a7bcbccorignewd3eepcnf20gy-gencatlg 2ddccBK c44612d44612 00102udc40708PËKGa002b002cPËKGd2018-03-09l0o613.2 ROLp002-3001425r2018-03-09w2018-03-09yBK